South Eastern Kenya University

Library Online Public Access Catalogue


College algebra with modelling and visualization (Record no. 11622)

MARC details
000 -LEADER
fixed length control field 00551nam a22002057a 4500
003 - CONTROL NUMBER IDENTIFIER
control field OSt
005 - DATE AND TIME OF LATEST TRANSACTION
control field 20160229141423.0
008 - FIXED-LENGTH DATA ELEMENTS--GENERAL INFORMATION
fixed length control field 160229b xxu||||| |||| 00| 0 eng d
020 ## - INTERNATIONAL STANDARD BOOK NUMBER
International Standard Book Number 9781269358668
040 ## - CATALOGING SOURCE
Original cataloging agency seku
050 ## - LIBRARY OF CONGRESS CALL NUMBER
Classification number QA152.3
Item number .R63 2014
100 ## - MAIN ENTRY--PERSONAL NAME
Relator code Rockswold Gary K.
245 ## - TITLE STATEMENT
Title College algebra with modelling and visualization
Statement of responsibility, etc. Gary K. Rockswold
250 ## - EDITION STATEMENT
Edition statement 5th
260 ## - PUBLICATION, DISTRIBUTION, ETC. (IMPRINT)
Place of publication, distribution, etc. New Jersey
Name of publisher, distributor, etc. Pearson
Date of publication, distribution, etc. 2014
300 ## - PHYSICAL DESCRIPTION
Extent 582p
Other physical details vi
500 ## - GENERAL NOTE
General note includes bib.ref and index
651 ## - SUBJECT ADDED ENTRY--GEOGRAPHIC NAME
Source of heading or term Maths
Form subdivision college Algebra
942 ## - ADDED ENTRY ELEMENTS (KOHA)
Source of classification or shelving scheme Library of Congress Classification
Koha item type General circulation
Holdings
Withdrawn status Lost status Source of classification or shelving scheme Damaged status Not for loan Home library Current library Shelving location Date acquired Source of acquisition Total Checkouts Full call number Barcode Date last seen Price effective from Koha item type Public note
    Library of Congress Classification     Wote Campus Library Wote Campus Library General Stacks 29/02/2016 donation- books for Africa   QA152.3 .R63 2014 2016/011609 29/02/2016 29/02/2016 General circulation kim
    Library of Congress Classification     Wote Campus Library Wote Campus Library General Stacks 09/05/2016 donation- books for Africa   QA152.3 .R63 2014 2016/011617 09/05/2016 09/05/2016 General circulation GM
Kitui, Kenya.
+254736116989
library@seku.ac.ke